书目信息 |
| 题名: |
英英、英汉双解学生习语词组词典
|
|
| 作者: | 唐永华 主编 | |
| 分册: | ||
| 出版信息: | 北京 世界图书出版公司 1998.06 |
|
| 页数: | 910页 | |
| 开本: | 32开 | |
| 丛书名: | ||
| 单 册: | ||
| 中图分类: | H313-61 | |
| 科图分类: | ||
| 主题词: | 英语 | |
| 电子资源: | ||
| ISBN: | 7-5062-3220-0 | |
| 000 | 00575nam0 2200181 45 | |
| 001 | 0003280896 | |
| 005 | 20050609172547.98 | |
| 010 | @a7-5062-3220-0@dCNY 36.00 | |
| 100 | @a20000328d1998 km y0chiy0120 ea | |
| 101 | @achi | |
| 200 | 1 | @a英英、英汉双解学生习语词组词典@AYing Ying、Ying Han Shuang Jie Xue Sheng Xi Yu Ci Zu Ci Dian@f唐永华 主编@FTang Yong Hua Zhu Bian |
| 210 | @a北京@c世界图书出版公司@d1998.06 | |
| 215 | @a910页@d32开 | |
| 606 | 0 | @a英语 |
| 690 | @aH313-61@v3 | |
| 701 | @a唐永华@4主编 | |
| 801 | @aCN@bPftUser@c20050609 | |
| 905 | @f2@b51853-854@dH313-61@eT335 | |
| 英英、英汉双解学生习语词组词典/唐永华 主编.-北京:世界图书出版公司,1998.06 |
| 910页;32开 |
| ISBN 7-5062-3220-0:CNY 36.00 |
| ● |
| 相关链接 |
|
|
|
正题名:英英、英汉双解学生习语词组词典
索取号:H313-61/T335
 
预约/预借
| 序号 | 登录号 | 条形码 | 馆藏地/架位号 | 状态 | 备注 |
| 1 | 51853 | 200518537 | 语言库209/ [索取号:H313-61/T335] | 在馆 | |
| 2 | 51854 | 200518546 | 语言库209/209语言库 31排2列6层/ [索取号:H313-61/T335] | 在馆 | |
| 3 | 532223 | 205322239 | 语言库209/209语言库 31排2列6层/ [索取号:H313-61/T335] | 在馆 | |
| 4 | 532224 | 205322248 | 语言库209/ [索取号:H313-61/T335] | 在馆 |